000 00280nam a22001097a 4500
082 _a621.165 KEA'S
100 _aKEARTON, W. J
_974462
245 _aSTEAM TURBINE THEORY AND PRACTICE A TEXT FOR ENGINEERING STUDIES
260 _aLONDON
_bELBS
_c1962
300 _a861P
942 _cBK
999 _c585449
_d585449